| 000 | 00534nam a22001937a 4500 | ||
|---|---|---|---|
| 003 | OSt | ||
| 005 | 20150323115224.0 | ||
| 008 | 150323b xxu||||| |||| 00| 0 eng d | ||
| 020 | _a84-320-5307-4 | ||
| 040 | _cBMC | ||
| 082 | _a853 | ||
| 100 | 1 |
_aTargioni, Eduarda _932982 |
|
| 245 | 1 | 0 |
_aSi, señor ministro... _b: novela _cEduarda Targioni |
| 260 |
_aBarcelona _bPlaneta _c[1974] |
||
| 300 |
_a294 p. _c19 cm |
||
| 490 | _aAutores Españoles e Hispanoamericanos | ||
| 650 | 2 | 4 |
_929384 _aNovela italiana |
| 942 |
_2ddc _cBK _hahoj |
||
| 999 |
_c19834 _d19834 |
||